00889 2200313 4500001002100000005001700021008004100038020002200079035002500101040001200126082001500138084001700153100002100170245010600191250001100297260002800308300003500336500001100371504003100382650002300413700001900436850001200455990001800467990001800485990001800503990001800521990001800539990001800557INLIS00000000000637720150807092317.0  a978-602-241-335-6 a0010-061500000000498 aYOPDYOG 223a297.77 a297.77 Tuw B aTUWUH Trisnayadi aBimbingan karier untuk pelajar muslimc/ Tuwuh Trisnayadi; Editor, Hijrah Saputra dan Adhika Prasetya aCet. 1 aJakartabErlanggac2013 ax, 189 hlm.b: Ilus.c; 21 cm. aIndeks aBibliografi : hlm. 181-186 aBimbingan kejuruan aHIJRAH Saputra aYOPDYOG a16976-PD/B.15 a16977-PD/B.15 a16978-PD/B.15 a16977-PD/B.15 a16976-PD/B.15 a16978-PD/B.15